<?xml version="1.0" encoding="UTF-8"?>
<record
    xmlns:xsi="http://www.w3.org/2001/XMLSchema-instance"
    xsi:schemaLocation="http://www.loc.gov/MARC21/slim http://www.loc.gov/standards/marcxml/schema/MARC21slim.xsd"
    xmlns="http://www.loc.gov/MARC21/slim">

  <leader>00871cam a22002891  4500</leader>
  <controlfield tag="001">sa 65000964 </controlfield>
  <controlfield tag="003">DLC</controlfield>
  <controlfield tag="005">20260227112106.0</controlfield>
  <controlfield tag="008">910102m19591964ii            000 0 sano </controlfield>
  <datafield tag="010" ind1=" " ind2=" ">
    <subfield code="a">sa 65000964 </subfield>
  </datafield>
  <datafield tag="035" ind1=" " ind2=" ">
    <subfield code="a">(OCoLC)22916744</subfield>
  </datafield>
  <datafield tag="040" ind1=" " ind2=" ">
    <subfield code="a">DLC</subfield>
    <subfield code="c">WaU</subfield>
    <subfield code="d">DLC</subfield>
  </datafield>
  <datafield tag="042" ind1=" " ind2=" ">
    <subfield code="a">premarc</subfield>
  </datafield>
  <datafield tag="050" ind1="0" ind2="0">
    <subfield code="a">PK3796</subfield>
    <subfield code="b">.R2 1959</subfield>
  </datafield>
  <datafield tag="100" ind1="0" ind2=" ">
    <subfield code="a">K&#x101;lid&#x101;sa.</subfield>
  </datafield>
  <datafield tag="245" ind1="1" ind2="0">
    <subfield code="a">Raghuva&#x1E43;&#x15B;a&#x1E25;.</subfield>
  </datafield>
  <datafield tag="260" ind1=" " ind2=" ">
    <subfield code="c">1959-64 [v.1, 1964]</subfield>
  </datafield>
  <datafield tag="300" ind1=" " ind2=" ">
    <subfield code="a">3 v.</subfield>
    <subfield code="c">24 cm.</subfield>
  </datafield>
  <datafield tag="440" ind1=" " ind2="0">
    <subfield code="a">Sri Ravi Varma Sanskrit series,</subfield>
    <subfield code="v">3</subfield>
  </datafield>
  <datafield tag="500" ind1=" " ind2=" ">
    <subfield code="a">Vol. 2 has sub editor: D. Damodara Pisharodi.</subfield>
  </datafield>
  <datafield tag="500" ind1=" " ind2=" ">
    <subfield code="a">In Sanskrit.</subfield>
  </datafield>
  <datafield tag="700" ind1="2" ind2=" ">
    <subfield code="a">Achyutha Poduval, K.</subfield>
  </datafield>
  <datafield tag="700" ind1="2" ind2=" ">
    <subfield code="a">Raman Nambiar, C. K.</subfield>
  </datafield>
  <datafield tag="700" ind1="1" ind2=" ">
    <subfield code="a">Pisharodi, D. Damodara.</subfield>
  </datafield>
  <datafield tag="700" ind1="0" ind2=" ">
    <subfield code="a">Aru&#x1E47;akirin&#x101;tar,</subfield>
    <subfield code="d">active 15th century.</subfield>
    <subfield code="t">Prak&#x101;&#x15B;ikay&#x101;.</subfield>
  </datafield>
  <datafield tag="700" ind1="0" ind2=" ">
    <subfield code="a">N&#x101;r&#x101;ya&#x1E47;a,</subfield>
    <subfield code="c">son of N&#x1E5B;isi&#x1E43;ha,</subfield>
    <subfield code="d">active 1356.</subfield>
    <subfield code="t">Pad&#x101;rthad&#x12B;pikay&#x101;.</subfield>
  </datafield>
  <datafield tag="999" ind1=" " ind2=" ">
    <subfield code="c">61839</subfield>
    <subfield code="d">61839</subfield>
  </datafield>
</record>
